[Event "TCh-SWE Elitserien 2013-14"]
[Site "Sweden SWE"]
[Date "2013.11.24"]
[Round "3.2"]
[White "Lissang,C"]
[Black "Dragicevic,Draz"]
[Result "1/2-1/2"]
[WhiteElo "2238"]
[BlackElo "2302"]

1.d4 Nf6 2.c4 g6 3.Nc3 d5 4.cxd5 Nxd5 5.e4 Nxc3 6.bxc3 Bg7 7.Be3 c5 8.Qd2 cxd4
9.cxd4 O-O 10.Rc1 Nc6 11.d5 Ne5 12.Be2 Ng4 13.Bxg4 Bxg4 14.f3 Bd7 15.Ne2 e6
16.O-O exd5 17.Rc5 Qe8 18.exd5 Bb5 19.Re1 b6 20.Rcc1 Qd7 21.Nc3 Bc4 22.Bd4 f6
23.Rcd1 Rad8 24.Bf2 Rfe8 25.Rxe8+ Rxe8 26.Qf4 Ba6 27.Bd4 g5 28.Qg3 h6 29.h4 Rd8
30.hxg5 hxg5 31.Rd2 Bc4 32.Qe1 Qf7 33.Rd1 Rd7 34.Bf2 f5 35.Bd4 Bxd4+ 36.Rxd4 Bxd5
37.Qd2 Be6 38.Qxg5+ Qg7 39.Qxg7+ Rxg7 40.a4 Kf7 41.a5 Kf6 42.axb6 axb6 43.Rd6 Rb7
44.Na4 Ke5 45.Rxb6 Rxb6 46.Nxb6 f4 47.Kf2 Kd4 48.Ke2 Kc5 49.Na4+ Kd4 50.Nb2 Bd7
51.Nd1 Bb5+ 52.Kf2 Bc6 53.Ke1 Bb5 54.Nf2 Ba6 55.Ng4 Bb5 56.Kf2 Bc6 57.Kg1 Bb5
58.Nf6 Bc6 59.Kh2 Ke3 60.Ng4+ Ke2 61.Ne5 Bb7 62.Ng6 Bxf3 63.Nxf4+ Ke3 64.g3 Bg4
65.Kg2 Bc8 66.Nd5+ Ke4 67.Nc3+ Kf5 68.Kf2 Bb7 69.Nd1 Kg5 70.Ne3 Bc6 71.Ke2 Bb5+
72.Kd2 Bc6 73.Kd3 Bb7 74.Kd4 Bc6 75.Ke5 Bb7 76.g4 Bc8 77.Ke4 Bxg4 78.Nxg4 Kxg4  1/2-1/2

[Event "2nd Hyderabad GM Open 2013"]
[Site "Hyderabad IND"]
[Date "2013.11.27"]
[Round "3.5"]
[White "Praveen Kumar,C1"]
[Black "Greenfeld,A"]
[Result "1/2-1/2"]
[WhiteElo "2281"]
[BlackElo "2545"]

1.d4 Nf6 2.c4 g6 3.Nc3 d5 4.cxd5 Nxd5 5.e4 Nxc3 6.bxc3 Bg7 7.Bc4 c5 8.Ne2 Nc6
9.Be3 O-O 10.O-O Qc7 11.Bf4 Qd7 12.dxc5 Ne5 13.Bxe5 Bxe5 14.Qxd7 Bxd7 15.Rab1 e6
16.Rxb7 Bc6 17.Rb2 Bxe4 18.f3 Bc6 19.Nd4 Rac8 20.Rc1 Rfd8 21.Ba6 Rc7 22.Nb5 Bxb5
23.Rxb5 Bf4 24.Re1 Rd5 25.c4 Rdxc5  1/2-1/2

[Event "2nd Hyderabad GM Open 2013"]
[Site "Hyderabad IND"]
[Date "2013.11.28"]
[Round "5.2"]
[White "Vidit,S"]
[Black "Greenfeld,A"]
[Result "1/2-1/2"]
[WhiteElo "2582"]
[BlackElo "2545"]

1.d4 Nf6 2.c4 g6 3.Nc3 d5 4.cxd5 Nxd5 5.e4 Nxc3 6.bxc3 Bg7 7.Qa4+ Qd7 8.Qa3 Qd6
9.Nf3 c5 10.Rb1 O-O 11.Be2 Nc6 12.d5 Ne5 13.Nd2 g5 14.c4 b6 15.Qg3 h6 16.O-O f5
17.exf5 Bxf5 18.Rb3 Ng6 19.Qxd6 exd6 20.g3 Rae8 21.Bh5 Kh7 22.Bb2 Bxb2 23.Rxb2 Re7
24.Kg2 g4 25.f4 Rfe8 26.Rf2 Re1 27.h3 gxh3+  1/2-1/2

[Event "ch-IRI 2013"]
[Site "Tabriz IRI"]
[Date "2013.11.28"]
[Round "2.16"]
[White "Sakhayi,M"]
[Black "Mosadeghpour,Masoud"]
[Result "0-1"]
[WhiteElo "2122"]
[BlackElo "2230"]

1.d4 Nf6 2.c4 g6 3.Nc3 d5 4.cxd5 Nxd5 5.e4 Nxc3 6.bxc3 Bg7 7.Nf3 O-O 8.Be2 c5
9.O-O Qc7 10.Be3 Rd8 11.Qb3 Nd7 12.Rad1 Nf6 13.Bc4 e6 14.e5 Nd7 15.Bg5 Re8
16.Nd2 h6 17.Bh4 Nb6 18.Ne4 cxd4 19.Nd6 Bd7 20.Nxe8 Bxe8 21.Bb5 Bxb5 22.Qxb5 dxc3
23.Rd6 Rc8 24.Rc1 Bf8 25.Rd4 Nd5 26.Bg3 Qc5 27.Qd3 Nb4 28.Qe4 Nxa2 29.Rc2 Nb4
30.Rc1 c2 31.Rd2 Qc3 32.Bf4 Rc4 33.Qe3 Qb2 34.Rd8 Nd5 35.Rxd5 exd5 36.e6 Re4
37.exf7+ Kxf7 38.Qf3 Qf6 39.g3 g5 40.Rxc2 gxf4 41.Qh5+ Kg7 42.Rc7+ Re7  0-1

[Event "XXVII Belgrade Trophy"]
[Site "Obrenovac SRB"]
[Date "2013.11.29"]
[Round "6.31"]
[White "Mrdak,M"]
[Black "Maric,Dr"]
[Result "1/2-1/2"]
[WhiteElo "1924"]
[BlackElo "2209"]

1.d4 Nf6 2.c4 g6 3.Nc3 d5 4.cxd5 Nxd5 5.e4 Nxc3 6.bxc3 Bg7 7.Bc4 O-O 8.Ne2 b6
9.O-O Ba6 10.Qb3 Qc8 11.Re1 Nc6 12.Bxa6 Qxa6 13.Bg5 h6 14.Bh4 e5 15.Rad1 Na5
16.Qa3 Rfe8 17.f3 Bf8 18.Qa4 Qc4 19.Qxc4 Nxc4 20.dxe5 Bc5+ 21.Kh1 Nxe5 22.Bf6 Re6
23.Bh4 b5 24.Rd5 Bf8 25.Rxb5 Bg7 26.Bg3 Rae8 27.Nd4 Ra6 28.Re2 c6 29.Rb7 c5
30.Nb3 Nd3 31.c4 Nb2 32.Rc2 Rxa2 33.h4 a5 34.Nxc5 a4 35.e5 Ra1+ 36.Kh2 a3
37.Nb3 Rb1 38.c5 Rd1 39.c6 Rdd8 40.c7 Rc8 41.Ra7 Bf8 42.Nd2 f5 43.Nc4 Nxc4
44.Rxc4 g5 45.hxg5 hxg5 46.f4 g4 47.Bf2 Re7 48.Bd4 Rh7+ 49.Kg1 Rh6 50.g3 Re6
51.Kf1  1/2-1/2

[Event "TCh-CZE Extraliga 2013-14"]
[Site "Frydek-Mistek CZE"]
[Date "2013.11.30"]
[Round "3.7"]
[White "Rojicek,V"]
[Black "Walek,M"]
[Result "1-0"]
[WhiteElo "2424"]
[BlackElo "2353"]

1.d4 Nf6 2.c4 g6 3.Nc3 d5 4.cxd5 Nxd5 5.e4 Nxc3 6.bxc3 Bg7 7.Be3 c5 8.Rc1 O-O
9.Qd2 Qa5 10.Nf3 Nc6 11.d5 Ne5 12.Nxe5 Bxe5 13.Be2 e6 14.O-O Bg7 15.Bg5 Bd7
16.Rfd1 Rae8 17.Bf3 Qc7 18.Be7 Ba4 19.Bxf8 Bxf8 20.Re1 Bd6 21.g3 c4 22.e5 Bxe5
23.dxe6 Rxe6 24.Bd5 Re8 25.Qg5 Kg7 26.Qg4 Bb5 27.Rb1 Ba6 28.Re3 Rd8 29.Qe4 Bf6
30.Bxb7 Bxb7 31.Rxb7 Qc8 32.Rxa7 h5 33.Qb7 Rd1+ 34.Kg2 Qf8 35.Qc6 Rd6 36.Qxc4 h4
37.Rd3 Rb6 38.Rdd7  1-0

[Event "73rd ch-ITA"]
[Site "Rome ITA"]
[Date "2013.12.02"]
[Round "11.5"]
[White "Bruno,Fabi"]
[Black "Dvirnyy,D"]
[Result "0-1"]
[WhiteElo "2414"]
[BlackElo "2560"]

1.d4 Nf6 2.c4 g6 3.Nc3 d5 4.cxd5 Nxd5 5.e4 Nxc3 6.bxc3 Bg7 7.Ba3 Nd7 8.Bc4 c5
9.Nf3 cxd4 10.Qb3 O-O 11.cxd4 Nb6 12.O-O Nxc4 13.Qxc4 Bg4 14.Rac1 Bxf3 15.gxf3 Qxd4
16.Bxe7 Rfe8 17.Qxd4 Bxd4 18.Rc7 b5 19.Rb1 Bb6 20.Rd7 a6 21.Bf6 Bd8 22.Bd4 Re7
23.Rd5 Re6 24.a4 bxa4 25.Ra1 Kf8 26.Rxa4 Ke8 27.Be3 Rc8 28.f4 Rc2 29.f5 Rec6
30.Rad4 Bc7 31.Bg5 f6 32.Bh4 a5 33.e5 fxe5 34.Rd8+ Bxd8 35.Rxd8+ Kf7 36.Rd7+ Kf8
37.Rd8+ Kg7 38.Rd7+ Kh6 39.f6 R2c4 40.f7 Kg7 41.Bg3 R4c5 42.f4 exf4 43.Bxf4 Rf5
44.Bd2 Rxf7 45.Bh6+ Kf6  0-1

[Event "34th Crespi Trophy 2013"]
[Site "Milan ITA"]
[Date "2013.12.03"]
[Round "4.8"]
[White "Pavlidis,Ana"]
[Black "Andreoni,G"]
[Result "0-1"]
[WhiteElo "2342"]
[BlackElo "2082"]

1.d4 Nf6 2.c4 g6 3.Nc3 d5 4.cxd5 Nxd5 5.e4 Nxc3 6.bxc3 Bg7 7.Nf3 c5 8.Rb1 O-O
9.Be2 Nc6 10.d5 Ne5 11.Nxe5 Bxe5 12.Qd2 e6 13.f4 Bc7 14.O-O exd5 15.exd5 Ba5
16.d6 Rb8 17.Rb5 b6 18.Rb3 Re8 19.Bb5 Bd7 20.f5 Bxb5 21.Rxb5 Qd7 22.f6 Bxc3
23.Qxc3 Qxb5 24.Qd2 Kh8 25.d7 Red8 26.Rd1 Qa4 27.Kf2 Qd4+ 28.Qxd4 cxd4 29.Rxd4 Rb7
30.Re4 Rbxd7 31.Re7 Rxe7 32.fxe7 Re8 33.Bb2+ f6 34.g4 Kg8 35.Bxf6 Kf7 36.g5 h5
37.Ke3 Rxe7+ 38.Bxe7 Kxe7 39.Kd4 Ke6 40.Kc4 a6 41.Kd4 Kf5 42.h4 b5 43.Kd5 b4  0-1

[Event "ch-IRI 2013"]
[Site "Tabriz IRI"]
[Date "2013.12.04"]
[Round "10.14"]
[White "Shamsi,Mohammadho"]
[Black "Lorparizangeneh,S"]
[Result "1/2-1/2"]
[WhiteElo "2248"]
[BlackElo "2270"]

1.c4 Nf6 2.Nc3 d5 3.cxd5 Nxd5 4.d4 g6 5.e4 Nxc3 6.bxc3 Bg7 7.Bc4 c5 8.Ne2 Nc6
9.Be3 O-O 10.O-O Bg4 11.f3 Bd7 12.Qd2 Qa5 13.Rab1 cxd4 14.cxd4 Qxd2 15.Bxd2 Nxd4
16.Rxb7 Nxe2+ 17.Bxe2 Bd4+ 18.Kh1 Be6 19.a3 Bc5 20.Bb4  1/2-1/2

[Event "IV JAHV McGregor 2013"]
[Site "Bogota COL"]
[Date "2013.12.06"]
[Round "4.27"]
[White "Vargas,Pedro"]
[Black "Oliva,K"]
[Result "1-0"]
[WhiteElo "2044"]
[BlackElo "2427"]

1.d4 Nf6 2.c4 g6 3.Nc3 d5 4.cxd5 Nxd5 5.e4 Nxc3 6.bxc3 Bg7 7.Bc4 c5 8.Ne2 Nc6
9.Be3 O-O 10.O-O Qc7 11.Rc1 Rd8 12.Qc2 Na5 13.Bb3 b6 14.d5 c4 15.Ba4 e6 16.Bg5 f6
17.Bf4 e5 18.Be3 f5 19.f3 f4 20.Bf2 g5 21.Rfd1 Rb8 22.Qd2 Nb7 23.Bc6 Nd6
24.g3 Qf7 25.gxf4 gxf4 26.Kh1 Qh5 27.Ng1 Rf8 28.Qe2 Rf6 29.Rc2 Bf8 30.Rb2 Rh6
31.Bc5 Ba6 32.Bxd6 Bxd6 33.Bd7 Kh8 34.Qf1 Rg8 35.Bg4 Qe8 36.Rg2 Qa4 37.Rdd2 Qa3
38.Be6 Rg3 39.Nh3 Rg7 40.Ng5 Rf6 41.Nf7+ Rfxf7 42.Bxf7 Rxf7 43.Rg5 Qxc3 44.Rdg2 Qa3
45.Rg1 Rf8 46.R1g2 Rf6  1-0

[Event "IV JAHV McGregor 2013"]
[Site "Bogota COL"]
[Date "2013.12.06"]
[Round "5.78"]
[White "Zabaleta,L"]
[Black "Palomares,Daniel"]
[Result "1-0"]
[WhiteElo "2113"]
[BlackElo "1802"]

1.d4 Nf6 2.c4 g6 3.Nc3 d5 4.cxd5 Nxd5 5.e4 Nxc3 6.bxc3 Bg7 7.Nf3 c5 8.Be3 Nc6
9.Be2 O-O 10.O-O Bg4 11.d5 Bxf3 12.Bxf3 Na5 13.Bxc5 Bxc3 14.Rc1 Bg7 15.Bb4 b5
16.d6 exd6 17.Bxd6 Re8 18.e5 Rc8 19.Bc7 Qxd1 20.Rfxd1 Nc4 21.Bc6 Re6 22.Bxb5 Rxc7
23.Rd8+ Bf8 24.Rxc4 Rxc4 25.Bxc4 Rc6 26.Bb3 Rc1+ 27.Rd1 Rxd1+ 28.Bxd1 Bc5
29.Kf1 Kf8 30.Ke2 Ke7 31.Bb3 Bd4 32.f4 h5 33.Kd3 Bb6 34.Ke4 h4 35.g4 h3 36.Bc4 Bg1
37.Bf1 Bxh2 38.Bxh3 Bg1 39.f5 g5 40.f6+ Kd7 41.Bf1 Bc5 42.Bb5+ Kd8 43.Kf5 Be3
44.e6 fxe6+ 45.Kxe6 Bc1 46.Kf5 Bd2 47.Kg6 Be3 48.f7 Ke7 49.Kg7 Bd4+ 50.Kg8  1-0

[Event "IV JAHV McGregor 2013"]
[Site "Bogota COL"]
[Date "2013.12.06"]
[Round "5.35"]
[White "Requejo,O"]
[Black "Pineda Arevalo,Jose Ariel"]
[Result "1-0"]
[WhiteElo "2302"]
[BlackElo "2038"]

1.d4 Nf6 2.c4 g6 3.Nc3 d5 4.cxd5 Nxd5 5.e4 Nxc3 6.bxc3 Bg7 7.Bc4 O-O 8.Ba3 b6
9.Ne2 Bb7 10.f3 Re8 11.O-O Nc6 12.Bb5 a6 13.Bxc6 Bxc6 14.Qd3 Qd7 15.Rab1 Rad8
16.Rbd1 Ba4 17.Rd2 Bh6 18.f4 Bb5 19.c4 Bc6 20.d5 e6 21.Bb2 Bg7 22.Bxg7 Kxg7
23.Qd4+ Kg8 24.dxc6 Qxc6 25.Qxd8 Rxd8 26.Rxd8+ Kg7 27.Ng3 Qxc4 28.f5 exf5
29.exf5 Qxa2 30.f6+ Kh6 31.Rd4 g5 32.h4 Qe6 33.hxg5+ Kg6 34.Rd8 h6 35.Rg8+ Kh7
36.Rg7+ Kh8 37.Rd1 Qe8 38.Kf2 c5 39.Rh1  1-0

[Event "TCh-AUT 1st Bundesliga 2013-14"]
[Site "Jenbach AUT"]
[Date "2013.12.06"]
[Round "1.1"]
[White "Shengelia,D"]
[Black "Volokitin,And"]
[Result "0-1"]
[WhiteElo "2543"]
[BlackElo "2678"]

1.d4 Nf6 2.c4 g6 3.Nc3 d5 4.cxd5 Nxd5 5.e4 Nxc3 6.bxc3 Bg7 7.Qa4+ Qd7 8.Qxd7+ Nxd7
9.Rb1 c5 10.Be3 O-O 11.Bb5 a6 12.Bxd7 Bxd7 13.Rxb7 Bc6 14.Rxe7 Rfc8 15.Nf3 Bf6
16.Re5 cxd4 17.Bxd4 Bxe5 18.Nxe5 Bxe4 19.Nd7 Bxg2 20.Rg1 Bh3 21.Nf6+ Kf8
22.Nxh7+ Ke7 23.Ng5 Be6 24.Nxe6 Kxe6 25.Kd2 Rab8 26.a4 Rb2+ 27.Kd3 Ra2 28.h4 Rxa4
29.h5 gxh5 30.Rg5 h4 31.Re5+ Kd7 32.Rh5 Rac4 33.Rxh4 R4c6 34.Rh7 Ke7 35.Rh5 Rb8
36.Re5+ Re6 37.Rc5 Ra8 38.Ra5 Re1 39.Kc4 Ke6 40.f4 Rc8+ 41.Kd3 Rc6 42.Rh5 Rd1+
43.Ke2 Rb1 44.Kd3 Rb5 45.Rh6+ Kd7 46.Rh7 Ke7 47.Rh8 Rd5 48.Ke4 Rd8 49.Rh5 Ra8
50.Ra5 Re6+ 51.Kd3 Rg8 52.f5 Rg3+ 53.Kc4 Rc6+ 54.Kd5 Kd7 55.Ra1 Rd6+ 56.Ke5 Rg4
57.f6 Rh4 58.Rb1 Kc7 59.Rb4 Rh5+ 60.Ke4 a5 61.Ra4 Rc6 62.Ra1 Ra6 63.Ra4 Kc6
64.Rc4+ Kd7 65.Ra4 Ke6 66.Kd3 Kd5 67.c4+ Kc6 68.Bc3 Rh3+ 69.Kd4 Ra7 70.Be1 Rf3
71.Ke4 Rxf6 72.Bxa5 Rh6 73.Ra3 Rh4+ 74.Ke5 Rxa5+  0-1

[Event "5th Classic Open 2013"]
[Site "London ENG"]
[Date "2013.12.07"]
[Round "1.3"]
[White "Pienabarca,N"]
[Black "Sutovsky,E"]
[Result "0-1"]
[WhiteElo "2139"]
[BlackElo "2657"]

1.d4 Nf6 2.c4 g6 3.Nc3 d5 4.cxd5 Nxd5 5.e4 Nxc3 6.bxc3 Bg7 7.Be3 c5 8.Qd2 Qa5
9.Rc1 O-O 10.Nf3 Nd7 11.d5 f5 12.exf5 Rxf5 13.c4 Qa3 14.Be2 b5 15.O-O Bb7
16.Ng5 bxc4 17.Bxc4 Nb6 18.Qd3 Nxc4 19.Qxc4 Bxd5 20.Qxc5 Qxc5 21.Rxc5 Bxa2
22.Rc7 a5 23.Nf3 e5 24.Ra1 Bd5 25.Rc5 Bxf3 26.gxf3 e4 27.Rxf5 Bxa1 28.Rd5 exf3
29.Bc1 Rb8  0-1

[Event "TCh-SVK Ext 2013-14"]
[Site "Slovakia SVK"]
[Date "2013.12.07"]
[Round "3.3"]
[White "Maslik,M"]
[Black "Bulski,K"]
[Result "1-0"]
[WhiteElo "2363"]
[BlackElo "2538"]

1.d4 Nf6 2.c4 g6 3.Nc3 d5 4.cxd5 Nxd5 5.e4 Nxc3 6.bxc3 Bg7 7.Be3 c5 8.Qd2 O-O
9.Nf3 Qa5 10.Rb1 a6 11.Rc1 Nd7 12.Bd3 Nb6 13.Bg5 Re8 14.h3 Na4 15.O-O b5
16.Bh6 Bb7 17.Bxg7 Kxg7 18.d5 e6 19.Bc2 exd5 20.Bxa4 Qxa4 21.exd5 Qc4 22.Rcd1 Rad8
23.d6 Bxf3 24.gxf3 Re6 25.d7 Re7 26.Kg2 Rexd7 27.Qxd7 Rxd7 28.Rxd7 Qxa2 29.Re1 Qc4
30.Ree7 a5 31.Rc7 a4 32.Ra7 Qb3 33.Rec7 a3 34.Rxc5 a2 35.Rcc7 Kh6 36.h4 Kh5
37.Rxf7 h6 38.Rf6 Qa4 39.Rc7 a1=Q 40.Rc5+ Kxh4 41.Rxg6 Qf4 42.Rg3 Qxf3+ 43.Rxf3 Qa8
44.Rxb5 h5 45.Rf5 Qg8+ 46.Rg3 Qa8+ 47.Rff3 Qe4 48.Kh2 Qe5 49.Rd3 Qf4 50.Rd4 Qxd4
51.Rh3+  1-0

[Event "52nd TCh-DEN XtraCon 2013-14"]
[Site "Denmark DEN"]
[Date "2013.12.08"]
[Round "3.1"]
[White "Hillarp Persson,T"]
[Black "Pedersen,Christi"]
[Result "1-0"]
[WhiteElo "2547"]
[BlackElo "2422"]

1.d4 Nf6 2.c4 g6 3.Nc3 d5 4.cxd5 Nxd5 5.e4 Nxc3 6.bxc3 Bg7 7.Nf3 c5 8.Bc4 cxd4
9.cxd4 Nc6 10.Be3 O-O 11.h3 Qa5+ 12.Kf1 Rd8 13.Rc1 Qa3 14.d5 e6 15.Bg5 f6
16.Bf4 Kh8 17.Qe1 Ne5 18.Nxe5 fxe5 19.Bg5 Re8 20.Qc3 Qd6 21.g3 Bd7 22.Kg2 Rac8
23.Qb3 exd5 24.Bxd5 b6 25.Rhd1 Rxc1 26.Rxc1 h6 27.Bd2 Rc8 28.Bb4 Qf6 29.Rxc8+ Bxc8
30.Qa4 Qd8 31.Qxa7 Bd7 32.Qa8 Qxa8 33.Bxa8 Bf6 34.Bd5 Kg7 35.Bd6 g5 36.Bc7 b5
37.Bd6 h5 38.f3 Kg6 39.a3 Kg7 40.g4 Kg6 41.Kf2 h4 42.Ke3 Bc8 43.Bb3 Bg7 44.Bd1  1-0

[Event "6th Kolkata Open"]
[Site "Kolkata IND"]
[Date "2013.12.08"]
[Round "4.2"]
[White "Babujian,L"]
[Black "Popov,Iv RUS"]
[Result "0-1"]
[WhiteElo "2512"]
[BlackElo "2644"]

1.d4 Nf6 2.c4 g6 3.Nc3 d5 4.cxd5 Nxd5 5.e4 Nxc3 6.bxc3 Bg7 7.Nf3 c5 8.Rb1 O-O
9.Be2 cxd4 10.cxd4 Qa5+ 11.Bd2 Qxa2 12.O-O Bg4 13.Be3 Nc6 14.d5 Ne5 15.Re1 Nxf3+
16.gxf3 Bh3 17.Rxb7 a5 18.Bc5 Rab8 19.Rxb8 Rxb8 20.Qc1 Qb2 21.Bxe7 Bc3 22.Ba3 Qb3
23.Rd1 Rc8 24.Rd3 Qa2 25.Qh6 Qa1+ 26.Rd1 Qxa3 27.Qxh3 Rd8 28.f4 Qb2 29.Qd3 a4
30.Rb1 Qd2 31.Qxd2 Bxd2 32.Ra1 Ra8 33.d6 Kf8 34.d7 Ke7 35.Ra3 Bb4 36.Ra2 a3
37.Bc4 Kxd7 38.Bxf7 Rf8 39.Bd5 Rxf4 40.Rc2 Bd6 41.h3 Rf8 42.Kg2 Rb8 43.h4 h5
44.Rc4 Rb2 45.Ra4 Bc5 46.Ra6 Rxf2+ 47.Kg3 Rf1 48.e5 Rd1 49.Bf7 Ke7 50.Bg8 Rd3+
51.Kf4 Rd4+ 52.Kg5 Kf8 53.Ba2 Rd2 54.Bc4 Rg2+ 55.Kf6 Be7+ 56.Ke6 Bxh4 57.Rxa3 Kg7
58.Bd5 Rg5 59.Be4 Bg3 60.Ra7+ Kh6 61.Ra5 h4 62.Kf7 h3 63.Ra6 h2 64.Bxg6 Rxg6
65.Rxg6+ Kh5 66.Rxg3 h1=Q 67.e6 Qf1+ 68.Ke7 Qf4 69.Rg8 Kh6 70.Rf8 Qc7+ 71.Kf6 Qg7+  0-1

[Event "5th Classic Open 2013"]
[Site "London ENG"]
[Date "2013.12.08"]
[Round "2.59"]
[White "Phillips,O"]
[Black "Pienabarca,N"]
[Result "1/2-1/2"]
[WhiteElo "1913"]
[BlackElo "2139"]

1.d4 Nf6 2.c4 g6 3.Nc3 d5 4.cxd5 Nxd5 5.e4 Nxc3 6.bxc3 Bg7 7.Bc4 c5 8.Ne2 O-O
9.O-O Nc6 10.Be3 Bg4 11.f3 Na5 12.Bxf7+ Rxf7 13.fxg4 Rxf1+ 14.Kxf1 cxd4 15.Bxd4 Bh6
16.Kg1 Qc7 17.Qa4 e5 18.Bf2 Rd8 19.Rd1 b5 20.Rxd8+ Qxd8 21.Qc2 Qd7 22.h3 Nc4
23.Nc1 a5 24.Qd3 Qd6 25.Qxd6 Nxd6 26.Nd3 Bd2 27.Nxe5 Bxc3 28.Nd3 Nxe4 29.Bb6 Kf7
30.Kf1 Ke6 31.Ke2 Kd5 32.Kd1 Kc4 33.Kc2 Nf6 34.Nf4 Bb4 35.Bd8 Nd5 36.Nxd5 Kxd5
37.Kd3 a4 38.h4 Bd6 39.h5 Bb4 40.hxg6 hxg6 41.Bf6 Bd6 42.Bg7 b4 43.Bb2 Be5
44.Bxe5 Kxe5 45.Kc4 b3 46.axb3 axb3 47.Kxb3 Kf4 48.Kc3 Kxg4 49.Kd3 Kf4 50.Ke2 Kg3
51.Ke3  1/2-1/2

[Event "TCh-SVK Ext 2013-14"]
[Site "Slovakia SVK"]
[Date "2013.12.08"]
[Round "4.4"]
[White "Rojicek,V"]
[Black "Maslik,M"]
[Result "1-0"]
[WhiteElo "2424"]
[BlackElo "2363"]

1.d4 Nf6 2.c4 g6 3.Nc3 d5 4.cxd5 Nxd5 5.e4 Nxc3 6.bxc3 Bg7 7.Bc4 c5 8.Ne2 O-O
9.Be3 Nc6 10.Rc1 Bd7 11.h4 cxd4 12.cxd4 Rc8 13.h5 Na5 14.Bd3 Rxc1 15.Qxc1 Qc8
16.Qa3 Nc4 17.Qxe7 Nxe3 18.fxe3 Bg4 19.h6 Re8 20.Qh4 Bf8 21.O-O Bxe2 22.Bxe2 Qc2
23.Qf4 Re7 24.Bf3 Qxa2 25.d5 Qa3 26.d6 Re6 27.e5 g5 28.Qd4 g4 29.Bd5 Bxh6
30.Qxg4+ Rg6 31.Bxf7+ Kg7 32.Bxg6  1-0

[Event "5th Classic Open 2013"]
[Site "London ENG"]
[Date "2013.12.10"]
[Round "4.29"]
[White "Ortega Ruiz,J"]
[Black "Mende,A"]
[Result "0-1"]
[WhiteElo "2366"]
[BlackElo "2161"]

1.d4 Nf6 2.c4 g6 3.Nc3 d5 4.cxd5 Nxd5 5.e4 Nxc3 6.bxc3 Bg7 7.Bc4 c5 8.Ne2 Nc6
9.Be3 O-O 10.O-O Na5 11.Bd3 b6 12.Rb1 Qc7 13.Bf4 e5 14.Bg3 Be6 15.f4 f6 16.d5 Bd7
17.fxe5 fxe5 18.Qd2 Qd6 19.c4 Rxf1+ 20.Rxf1 Rf8 21.Rxf8+ Qxf8 22.Qb2 Qf6
23.h3 Qg5 24.Kh2 Qe3 25.Nc1 Qg5 26.Qc3 h5 27.h4 Qf6 28.Be2 Nb7 29.Qa3 Nd6
30.Bf3 Nxc4 31.Qxa7 Bg4 32.Qa6 Nd2 33.Bxg4 Nf1+ 34.Kg1 Nxg3 35.Be6+ Kh7 36.Qd3 Qf4
37.Nb3 Nxe4 38.d6 Qf2+ 39.Kh2 Qxh4+ 40.Kg1 Qe1+ 41.Kh2 Bh6 42.Qf3 Bf4+ 43.g3 Nxg3
44.d7 Ne2+ 45.Kg2 Qg1+  0-1

[Event "Pavlodar Open 2013"]
[Site "Pavlodar KAZ"]
[Date "2013.12.11"]
[Round "2.18"]
[White "Gnusarev,P"]
[Black "Yakimov,S"]
[Result "1/2-1/2"]
[WhiteElo "2369"]
[BlackElo "2131"]

1.d4 Nf6 2.c4 g6 3.Nc3 d5 4.cxd5 Nxd5 5.e4 Nxc3 6.bxc3 Bg7 7.Qa4+ Nd7 8.Nf3 O-O
9.Bg5 c5 10.Rc1 h6 11.Be3 Qc7 12.Bd3 b6 13.O-O Bb7 14.h3 Rfc8 15.d5 c4 16.Bb1 Nc5
17.Qd1 Rd8 18.Nd4 Qc8 19.Qd2 Kh7 20.f4 e6 21.f5 exf5 22.exf5 Bxd5  1/2-1/2

[Event "SportAccord Rapid Men 2013"]
[Site "Beijing CHN"]
[Date "2013.12.12"]
[Round "1.2"]
[White "Giri,A"]
[Black "Nepomniachtchi,I"]
[Result "0-1"]
[WhiteElo "2734"]
[BlackElo "2721"]

1.d4 Nf6 2.c4 g6 3.Nc3 d5 4.cxd5 Nxd5 5.e4 Nxc3 6.bxc3 Bg7 7.Be3 c5 8.Rc1 Qa5
9.Qd2 Nd7 10.Nf3 O-O 11.Bh6 Rd8 12.Bxg7 Kxg7 13.h4 Nf6 14.e5 Ng4 15.d5 h5
16.Rd1 b5 17.c4 Qxd2+ 18.Rxd2 b4 19.Be2 a5 20.O-O a4 21.Rfd1 Rb8 22.d6 Bf5
23.dxe7 Rxd2 24.Rxd2 Re8 25.Bd1 Rxe7 26.Bxa4 Nxe5 27.Nxe5 Rxe5 28.f3 Re1+
29.Kf2 Rc1 30.Bb3 Be6 31.g4 Bxc4 32.Bxc4 Rxc4 33.gxh5 gxh5 34.Rd5 Rc2+ 35.Kg3 c4
36.Rb5 Rb2 37.Rc5 c3 38.a3 bxa3 39.Rxc3 a2 40.Ra3 Kf6 41.Kf4 Ke6 42.Kg5 Rg2+
43.Kxh5 Kd5 44.Kh6 Kc4 45.h5 Kb4 46.Rxa2 Rxa2 47.Kg7 f5  0-1

[Event "SportAccord Rapid Men 2013"]
[Site "Beijing CHN"]
[Date "2013.12.12"]
[Round "4.3"]
[White "Aronian,L"]
[Black "Grischuk,A"]
[Result "1/2-1/2"]
[WhiteElo "2803"]
[BlackElo "2783"]

1.d4 Nf6 2.c4 g6 3.Nc3 d5 4.cxd5 Nxd5 5.e4 Nxc3 6.bxc3 Bg7 7.Nf3 c5 8.Rb1 O-O
9.Be2 cxd4 10.cxd4 Qa5+ 11.Bd2 Qxa2 12.O-O b6 13.Qc1 Bb7 14.Bc4 Qa4 15.Bb5 Qa2
16.Re1 Rc8 17.Qd1 Qc2 18.Qe2 Nc6 19.e5 Nd8 20.Bd7 Rcb8 21.h4 Bd5 22.Rbc1 Qa2
23.Ng5 h6 24.Nh3 Ne6 25.Qe3 Rd8 26.Bxe6 Bxe6 27.Nf4 Bc4 28.Bb4 Rd7 29.Qc3 Bd5
30.Re3 a5 31.Ba3 Rad8 32.Qd3 Be6 33.Re2 Rxd4 34.Rxa2 Rxd3 35.Nxe6 fxe6 36.f4 g5
37.hxg5 hxg5 38.Rc6 gxf4 39.Rxe6 b5 40.Bxe7 Re8 41.Rd6 Re3 42.Bf6 a4 43.Rd7 Bxf6
44.exf6 Rf8 45.Rg7+ Kh8 46.Rg5 Rxf6 47.Rxb5 Ra6 48.Rb4 a3 49.Rxf4 Rb3 50.Rf3 Rxf3  1/2-1/2

[Event "Bundesliga 2013-14"]
[Site "Bremen GER"]
[Date "2013.12.15"]
[Round "6"]
[White "Schenk,An"]
[Black "Areshchenko,A"]
[Result "0-1"]
[WhiteElo "2489"]
[BlackElo "2714"]

1.d4 Nf6 2.c4 g6 3.Nc3 d5 4.cxd5 Nxd5 5.e4 Nxc3 6.bxc3 Bg7 7.Nf3 c5 8.Bb5+ Nc6
9.O-O O-O 10.Be3 Bg4 11.dxc5 Qc7 12.h3 Rad8 13.Qe2 Bxf3 14.Qxf3 Bxc3 15.Bf4 Be5
16.Bxc6 Bxf4 17.Bxb7 Be5 18.Rab1 Qxc5 19.Bd5 e6 20.Rfc1 Qe7 21.Bb3 h5 22.Rd1 Bd4
23.Rd2 Rd6 24.Rbd1 Rfd8 25.Rc1 a5 26.Rc4 h4 27.Rd1 Bb6 28.Rxd6 Qxd6 29.Rc1 Qb4
30.Bxe6 fxe6 31.Qg4 Kg7 32.Qxe6 Bxf2+ 33.Kh1 Bg3 34.e5 Qf4 35.Qe7+ Kh6 36.Rg1 Rd2  0-1

[Event "SportAccord Basque Women 2013"]
[Site "Beijing CHN"]
[Date "2013.12.17"]
[Round "1.2"]
[White "Cmilyte,V"]
[Black "Lagno,Kateryna"]
[Result "1-0"]
[WhiteElo "2514"]
[BlackElo "2543"]

1.d4 Nf6 2.c4 g6 3.Nc3 d5 4.cxd5 Nxd5 5.e4 Nxc3 6.bxc3 Bg7 7.Nf3 c5 8.Bb5+ Bd7
9.Bxd7+ Nxd7 10.O-O O-O 11.Qe2 e6 12.Rb1 Qc7 13.Bg5 Rac8 14.Rfd1 Rfe8 15.Qb5 b6
16.a4 Nf6 17.Bxf6 Bxf6 18.d5 exd5 19.exd5 Qd6 20.c4 Re4 21.Re1 Rce8 22.g3 Bc3
23.Qxe8+ Rxe8 24.Rxe8+ Kg7 25.Kg2 Qd7 26.Re3 Bf6 27.a5 bxa5 28.Rb5 g5 29.h3 h5
30.Ne5 Qf5 31.Nc6 Qc2 32.Rxc5 a4 33.d6 a3 34.Rxa3 Qe4+ 35.Kh2 Qc2 36.Rf3 g4
37.hxg4 hxg4 38.Rf4 Qd1 39.Rcf5 Bc3 40.Rxf7+ Kg6 41.Ne7+ Kh6 42.d7 Be5 43.Nd5 Bxf4
44.Rxf4 Qf1 45.d8=Q  1-0

[Event "Pavlodar Open 2013"]
[Site "Pavlodar KAZ"]
[Date "2013.12.18"]
[Round "9.13"]
[White "Efanov,Mikhail"]
[Black "Nevostrujev,V"]
[Result "0-1"]
[WhiteElo "2091"]
[BlackElo "2433"]

1.d4 Nf6 2.c4 g6 3.Nc3 d5 4.cxd5 Nxd5 5.e4 Nxc3 6.bxc3 Bg7 7.Bc4 c5 8.Ne2 O-O
9.O-O Nc6 10.Be3 Qc7 11.Rc1 Bd7 12.Bf4 Qc8 13.Qd2 Rd8 14.Bg5 Qc7 15.Bb3 cxd4
16.cxd4 Qa5 17.Rfd1 Qxd2 18.Rxd2 h6 19.Be3 Be8 20.h3 Kf8 21.f4 Na5 22.Rc7 Nxb3
23.axb3 a5 24.Nc3 Rdc8 25.Nd5 e6 26.Rdc2 Bc6 27.Rxc8+ Rxc8 28.Nb6 Rd8 29.d5 exd5
30.exd5 Bb5 31.Rc5 Re8 32.Kf2 Bd3 33.d6 Bf5 34.d7 Rd8 35.Rc8 Bf6 36.Rc7 Be6
37.Rxb7 h5 38.Ra7 Bxb3 39.g3 a4 40.Nxa4 Bxa4 41.Rxa4 Rxd7 42.g4 Kg7 43.Kf3 Rd3
44.Ke2 Rb3 45.Kf2 Kh7 46.Ra5 Bd8 47.Rd5 Bh4+ 48.Kf3 Ra3 49.Ke4 Ra1 50.Rd7 Kg8
51.Rc7 Bf6 52.Rc1 Ra2 53.Kf3 Kg7 54.Rd1 Ra3 55.Rd5 Bb2 56.Ke4 Rb3 57.Rd3  0-1

[Event "WYCC U16 Girls 2013"]
[Site "Al-Ain UAE"]
[Date "2013.12.19"]
[Round "2.14"]
[White "Harazinska,Ewa"]
[Black "Drogovoz,M"]
[Result "1-0"]
[WhiteElo "2050"]
[BlackElo "1899"]

1.d4 Nf6 2.c4 g6 3.Nc3 d5 4.cxd5 Nxd5 5.e4 Nxc3 6.bxc3 Bg7 7.Be3 O-O 8.Nf3 c5
9.Rc1 Qa5 10.Qd2 Nc6 11.d5 Rd8 12.Bd3 Bg4 13.O-O Bxf3 14.gxf3 Ne5 15.Be2 e6
16.f4 Nc6 17.Qb2 exd5 18.Qxb7 Qxa2 19.Bd3 Na5 20.Qa6 d4 21.cxd4 cxd4 22.Rc2 Qa3
23.Bd2 Rd6 24.Rc8+ Bf8 25.Qxa5 Qxa5 26.Rxf8+ Rxf8 27.Bxa5 Rf6 28.Rc1 Rxf4
29.Rc4 Rg4+ 30.Kf1 Rh4 31.Kg2 Rh5 32.Bb4 Rd8 33.Be7 Re8 34.Bf6 a5 35.Rc7 a4
36.Bc4 Rf8 37.e5 Rf5 38.Bd3 Rh5 39.Ra7 h6 40.Rxa4 Re8 41.f4 g5 42.Ra7 gxf4
43.e6 fxe6 44.Bh7+  1-0

[Event "WYCC U18 Open 2013"]
[Site "Al-Ain UAE"]
[Date "2013.12.19"]
[Round "2.35"]
[White "Eltigani,O"]
[Black "Darling,Paul D."]
[Result "1-0"]
[WhiteElo "2288"]
[BlackElo "1847"]

1.d4 Nf6 2.c4 g6 3.Nc3 d5 4.cxd5 Nxd5 5.e4 Nxc3 6.bxc3 Bg7 7.Bc4 c5 8.Ne2 Nc6
9.Be3 O-O 10.O-O Qc7 11.Rc1 b6 12.Qa4 Bd7 13.Qa3 Na5 14.Ba6 Bc8 15.Bd3 Rd8
16.Rfd1 c4 17.Bc2 Bb7 18.Rb1 Nc6 19.h4 e5 20.d5 Na5 21.h5 Qd7 22.Ng3 Bf6
23.hxg6 hxg6 24.Bc5 Bc8 25.Ba4 Qg4 26.Be7 Qg5 27.Bxd8 Bxd8 28.Bc6 Bb7 29.Bxb7 Nxb7
30.Qa4 Be7 31.Qc6 Rb8 32.Qxc4 Bc5 33.Rd3 Kg7 34.Qa4 a5 35.Rf3 Nd6 36.Rd1 Rh8
37.Kf1 Rh2 38.Qd7 Qh4 39.a4 Qg5 40.Rb1 Qh6 41.Kg1 Rh4 42.Qe7 Kg8 43.Qxe5 f5
44.Qe6+ Kh8 45.Qf6+ Kg8 46.exf5 Ne4 47.Qe6+ Kh8 48.Qe8+ Kg7 49.f6+ Nxf6 50.Qe5  1-0